Geography - L - Statistics

General Stats
  • This quiz has been taken 45 times
  • The average score is 7 of 15
Answer Stats
Hint Answer % Correct
Middle Eastern country famous for its cedar trees. Lebanon
100%
The capital city of Peru. Lima
98%
Microstate in the Alps. Liechtenstein
88%
The capital of Tibet and among the world's most elevated cities. Lhasa
78%
Egyptian city known in antiquity as Waset. Luxor
78%
The capital city of Zambia. Lusaka
63%
The capital of Pakistan's Punjab Province, as well as the 27th-largest city worldwide. Lahore
54%
The second of two island chains in the Caribbean which begin with the letter L. Lesser Antilles
46%
Saxony's most populous city. Leipzig
41%
One of two island chains in the Caribbean which begin with the letter L. Leeward Islands
27%
The name of Paris under the Roman Empire. Lutetia
27%
Indian city in the center of Uttar Pradesh. Lucknow
24%
Western Iranian province wherein a language derived from Old/Middle Persian is largely spoken. Lorestan
5%
The Indian province of Punjab's largest city. Ludhiana
5%
River in Northeastern China which flows into the Bohai Sea. Liao
0%
No matching quizzes found
Score Distribution
Percent of People with Each Score
Percentile by Number Answered
Your Score History
You have not taken this quiz